MARC

LEADER 00000nam0a2200000 4500
001 372780
005 20231102012516.0
035 |a (RuTPU)RU\TPU\retro\30205 
035 |a RU\TPU\book\305253 
090 |a 372780 
100 |a 20221215d1983 m y0rusy50 ca 
101 0 |a rus 
102 |a RU 
105 |a a z 001zy 
200 1 |a Приемка зданий и сооружений под монтаж электрооборудования  |f А. А. Коптев 
210 |a Москва  |c Энергоатомиздат  |d 1983 
215 |a 120 с.  |c ил. 
225 1 |a Библиотека электромонтера  |v Вып. 549 
320 |a Библиогр.: с. 119. 
606 1 |a Электрооборудование  |x Монтаж (строительство)  |2 stltpush  |3 (RuTPU)RU\TPU\subj\20596  |9 45690 
610 1 |a здания 
610 1 |a распределительные устройства 
610 1 |a силовые трансформаторы 
610 1 |a воздушные линии электропередачи 
610 1 |a кабельные линии 
610 1 |a электропроводки 
610 1 |a шинопроводы 
610 1 |a силовое электрооборудование 
610 1 |a осветительные установки 
675 |a 696.6  |v 3 
700 1 |a Коптев  |b А. А.  |g Анатолий Александрович 
801 1 |a RU  |b 63413507  |c 20150122 
801 2 |a RU  |b 63413507  |c 20221215  |g RCR 
942 |c BK